Countries with a Cold Summer Mediterranean Climate - Statistics

General Stats
  • This quiz has been taken 161 times
  • The average score is 8 of 9
Answer Stats
Answer % Correct
United States
98%
United States
98%
Chile
95%
Argentina
94%
France
94%
Spain
94%
Ethiopia
75%
Democratic Republic of the Congo
73%
Uganda
64%
No matching quizzes found
Score Distribution
Percent of People with Each Score
Percentile by Number Answered
Your Score History
You have not taken this quiz